000 00852nam a2200253 a 4500
005 20191224041550.0
008 140224b1996 sp abd||r|||| 00| 0 spa d
020 _a843213127X
040 _aCO-BoIAVH
_cCO-BoIAVH
041 0 _aspa
044 _asp
082 0 4 _a621.3678
_bC56f
100 1 _aChuvieco, Emilio
_eautor
245 1 0 _aFundamentos de teledetección espacial /
_cEmilio Chuvieco
250 _aTercera edición
260 _aMadrid (España) :
_bEdiciones Rialp,
_c1996.
300 _a568 páginas :
_bilustraciones, mapas, gráficas y tablas ;
_c24 x 16 cm.
504 _aIncluye referencias biliográficas.
650 2 6 _aTeledetección
650 2 6 _aImágenes por satélites
650 2 6 _aTratamiento de imágenes
_xTeledetección
650 2 6 _aEquipo de teledetección
942 _cLIBRO
_2ddc
999 _c1019
_d1019